| 000 | 01400nam a22001937a 4500 | ||
|---|---|---|---|
| 999 |
_c60129 _d60129 |
||
| 003 | Ge_BSU | ||
| 005 | 20230612104922.0 | ||
| 008 | 230612s1975 ge ||||| |||| 00| 0 geo d | ||
| 041 | _ageo | ||
| 080 | _a902.2(479.224) დ-46 | ||
| 245 |
_aდიდი პიტიუნტი : _bარქეოლოგიური გათხრები ბიჭვინთაში. ტ. 1 / _cრედ. ა. აფაქიძე; ივ. ჯავახიშვილის სახ. ისტორიის, არქეოლოგიისა და ეთნოგრაფიის ინ-ტი. არქეოლოგიური კომისია. |
||
| 264 |
_aთბილისი : _bმეცნიერება, _c1975. |
||
| 300 |
_a584 გვ. : _bილ., ტაბ.; _c30 სმ. |
||
| 500 | _aზოგიერთი სტატიის ბოლოს რეზიუმე რუსულ ენაზე. | ||
| 653 | _aარქეოლოგიური გათხრები აფხაზეთში | ||
| 700 |
_aაფაქიძე, ა. _eრედაქტორი _918624 |
||
| 710 |
_aივ. ჯავახიშვილის სახ. ისტორიის, არქეოლოგიისა და ეთნოგრაფიის ინ-ტი. არქეოლოგიური კომისია _918625 |
||
| 942 |
_2udc _cBK |
||